| Tag |
First Indicator |
Second Indicator |
Subfields |
| LEADER |
00000cas a2200000 4500 |
| 001 |
in00000038368 |
| 005 |
20151007081010.0 |
| 008 |
800424c18719999iluuu 0uuua1eng d |
| 035 |
|
|
|a (OCoLC)06241908
|
| 035 |
|
|
|9 AAF5720AM
|
| 040 |
|
|
|a TXA
|c TXA
|d m.c.
|d TXA
|d UtOrBLW
|
| 049 |
|
|
|a TXAE
|
| 090 |
|
|
|a SF293.A1
|b U9
|
| 110 |
2 |
|
|a United States Trotting Association.
|
| 245 |
1 |
0 |
|a Wallace's American trotting register.
|
| 247 |
1 |
0 |
|a United States Trotting Association register
|
| 264 |
|
1 |
|a Chicago [etc.]
|b [publisher not identified] ;
|
| 300 |
|
|
|a volumes
|
| 336 |
|
|
|a text
|b txt
|2 rdacontent
|
| 337 |
|
|
|a unmediated
|b n
|2 rdamedia
|
| 338 |
|
|
|a volume
|b nc
|2 rdacarrier
|
| 362 |
0 |
|
|a v. 1- 1871-
|
| 500 |
|
|
|a Accompanied by index-digest.
|
| 515 |
|
|
|a Publication suspended 1924-26.
|
| 550 |
|
|
|a Earlier vols. published by the United Trotting Association, the American Trotting Register Association or the National Trotting Association, which later merged to form the United States Trotting Assn.
|
| 500 |
|
|
|a Volumes 1-9 compiled by J. H. Wallace.
|
| 650 |
|
0 |
|a Horses
|v Pedigrees.
|
| 700 |
1 |
|
|a Wallace, John Hankins,
|d 1822-1903.
|
| 999 |
|
|
|a MARS
|
| 999 |
f |
f |
|s 9d06b87e-7d16-3ce1-8521-551ba2681dc7
|i 4f8f704e-5ebe-3bdc-a923-e67df64dc3be
|t 0
|
| 952 |
f |
f |
|p ric
|a Texas A&M University
|b Rellis Campus
|c Joint Library Facility
|d Remote Storage
|t 0
|e SF293.A1 U9
|h Library of Congress classification
|i unmediated -- volume
|k v.5
|l 1885
|m A14842037104
|
| 952 |
f |
f |
|p ric
|a Texas A&M University
|b Rellis Campus
|c Joint Library Facility
|d Remote Storage
|t 0
|e SF293.A1 U9
|h Library of Congress classification
|i unmediated -- volume
|k v.3
|l 1879
|m A14842037153
|
| 952 |
f |
f |
|p ric
|a Texas A&M University
|b Rellis Campus
|c Joint Library Facility
|d Remote Storage
|t 0
|e SF293.A1 U9
|h Library of Congress classification
|i unmediated -- volume
|k v.17
|l 1907
|m A14842037047
|
| 952 |
f |
f |
|p ric
|a Texas A&M University
|b Rellis Campus
|c Joint Library Facility
|d Remote Storage
|t 0
|e SF293.A1 U9
|h Library of Congress classification
|i unmediated -- volume
|k v.7
|l 1888
|m A14842037161
|
| 952 |
f |
f |
|p ric
|a Texas A&M University
|b Rellis Campus
|c Joint Library Facility
|d Remote Storage
|t 0
|e SF293.A1 U9
|h Library of Congress classification
|i unmediated -- volume
|k v.10
|l 1892
|m A14842037120
|
| 952 |
f |
f |
|p ric
|a Texas A&M University
|b Rellis Campus
|c Joint Library Facility
|d Remote Storage
|t 0
|e SF293.A1 U9
|h Library of Congress classification
|i unmediated -- volume
|k v.18
|l 1909
|m A14842037039
|
| 952 |
f |
f |
|p ric
|a Texas A&M University
|b Rellis Campus
|c Joint Library Facility
|d Remote Storage
|t 0
|e SF293.A1 U9
|h Library of Congress classification
|i unmediated -- volume
|k v.13
|l 1895
|m A14842037088
|
| 952 |
f |
f |
|p ric
|a Texas A&M University
|b Rellis Campus
|c Joint Library Facility
|d Remote Storage
|t 0
|e SF293.A1 U9
|h Library of Congress classification
|i unmediated -- volume
|k v.1/10: indexes
|l 1871/1892
|m A14842037203
|
| 952 |
f |
f |
|p ric
|a Texas A&M University
|b Rellis Campus
|c Joint Library Facility
|d Remote Storage
|t 0
|e SF293.A1 U9
|h Library of Congress classification
|i unmediated -- volume
|k v.11
|l 1892
|m A14842037112
|
| 952 |
f |
f |
|p ric
|a Texas A&M University
|b Rellis Campus
|c Joint Library Facility
|d Remote Storage
|t 0
|e SF293.A1 U9
|h Library of Congress classification
|i unmediated -- volume
|k v.6
|l 1887
|m A14842037179
|
| 952 |
f |
f |
|p ric
|a Texas A&M University
|b Rellis Campus
|c Joint Library Facility
|d Remote Storage
|t 0
|e SF293.A1 U9
|h Library of Congress classification
|i unmediated -- volume
|k v.15
|l 1901
|m A14842037054
|
| 952 |
f |
f |
|p ric
|a Texas A&M University
|b Rellis Campus
|c Joint Library Facility
|d Remote Storage
|t 0
|e SF293.A1 U9
|h Library of Congress classification
|i unmediated -- volume
|k v.16
|l 1904
|m A14842037146
|
| 952 |
f |
f |
|p ric
|a Texas A&M University
|b Rellis Campus
|c Joint Library Facility
|d Remote Storage
|t 0
|e SF293.A1 U9
|h Library of Congress classification
|i unmediated -- volume
|k v.14
|l 1898
|m A14842037062
|
| 952 |
f |
f |
|p ric
|a Texas A&M University
|b Rellis Campus
|c Joint Library Facility
|d Remote Storage
|t 0
|e SF293.A1 U9
|h Library of Congress classification
|i unmediated -- volume
|k v.12
|l 1893
|m A14842037070
|
| 952 |
f |
f |
|p ric
|a Texas A&M University
|b Rellis Campus
|c Joint Library Facility
|d Remote Storage
|t 0
|e SF293.A1 U9
|h Library of Congress classification
|i unmediated -- volume
|k v.9
|l 1891
|m A14842037187
|
| 952 |
f |
f |
|p ric
|a Texas A&M University
|b Rellis Campus
|c Joint Library Facility
|d Remote Storage
|t 0
|e SF293.A1 U9
|h Library of Congress classification
|i unmediated -- volume
|k v.8
|l 1890
|m A14842037195
|
| 952 |
f |
f |
|p ric
|a Texas A&M University
|b Rellis Campus
|c Joint Library Facility
|d Remote Storage
|t 0
|e SF293.A1 U9
|h Library of Congress classification
|i unmediated -- volume
|k v.4
|l 1882
|m A14842037096
|
| 998 |
f |
f |
|a SF293.A1 U9
|s v.1/10 (1871/1892)
|t 0
|l Remote Storage
|